Search the Library Catalogue
| 000 -LEADER | |
|---|---|
| fixed length control field | 00529nam a2200193Ia 4500 |
| 008 - FIXED-LENGTH DATA ELEMENTS--GENERAL INFORMATION | |
| fixed length control field | 191130s2008##################000#0#eng## |
| 020 ## - INTERNATIONAL STANDARD BOOK NUMBER | |
| International Standard Book Number | 9781408100196 |
| 040 ## - CATALOGING SOURCE | |
| Original cataloging agency | ACL |
| Transcribing agency | ACL |
| 082 ## - DEWEY DECIMAL CLASSIFICATION NUMBER | |
| Classification number | 370.114 BAG |
| 100 ## - MAIN ENTRY--PERSONAL NAME | |
| Personal name | Bage, Grant |
| 245 ## - TITLE STATEMENT | |
| Title | Prison break ! |
| Statement of responsibility, etc. | Grant Bage and Jane Turner |
| 260 ## - PUBLICATION, DISTRIBUTION, ETC. | |
| Place of publication, distribution, etc. | London |
| Name of publisher, distributor, etc. | A & C Black |
| Date of publication, distribution, etc. | 2008 |
| 300 ## - PHYSICAL DESCRIPTION | |
| Extent | 32 p.: col.ill |
| 650 ## - SUBJECT ADDED ENTRY--TOPICAL TERM | |
| Topical term or geographic name entry element | Philosophy, theories, general aspects |
| 700 ## - ADDED ENTRY--PERSONAL NAME | |
| Personal name | Turner, Jane |
| 990 ## - EQUIVALENCES OR CROSS-REFERENCES [LOCAL, CANADA] | |
| Link information for 9XX fields | ba3ad4c6ac10000c301e49c67a5f1cb7 |
| 991 ## - | |
| -- | 350927 |
| Withdrawn status | Lost status | Materials specified (bound volume or other part) | Damaged status | Not for loan | Home library | Current library | Date acquired | Total Checkouts | Full call number | Barcode | Date last seen | Price effective from | Koha item type |
|---|---|---|---|---|---|---|---|---|---|---|---|---|---|
| pbk | Anna Centenary Library | Anna Centenary Library | 09.10.2020 | 370.114 BAG | 413872 | 09.10.2020 | 09.10.2020 | English Books |